BL Dramas by Main Couple Picture #2 - Statistics

General Stats
  • This quiz has been taken 105 times
  • The average score is 9 of 16
Answer Stats
Picture Answer % Correct
ThamePo Heart That Skips a Beat
89%
Never Let Me Go
79%
The Eclipse
76%
My School President
75%
Bed Friend
70%
Last Twilight
70%
ABO Desire
59%
Dark Blue Kiss
54%
A Tale of Thousand Stars
51%
Big Dragon
49%
Love Mechanics
46%
Until We Meet Again
46%
Color Rush
42%
Manner of Death
39%
Love Tractor
37%
The On1y One
24%
No matching quizzes found
Score Distribution
Percent of People with Each Score
Percentile by Number Answered
Your Score History
You have not taken this quiz